000 00927nas a2200289 4500
001 BR2012005909
003 BR-BrBNA
005 20231205120950.0
007 ta
008 230509b bl.|||p| |||| 00| 00por d
040 _aBR-BrBNA
_bpor
_cBiblioteca Nacional de Agricultura
041 _a(Pt)
072 _aL01; E70
100 1 _aRodrigues, L.C.
100 1 _aNantes, J.F.D.
245 1 _aRastreabilidade na cadeia produtiva da carne bovina: situação atual, dificuldades e perspectivas para o Brasil
650 _aBOVINOCULTURA
650 _aGADO DE CORTE
650 _aCARNE
650 _aRASTREAMENTO
650 _aSEGURANÇA ALIMENTAR
650 _aFRIGORÍFICO
650 _aPECUARISTA
773 0 _tInformações Econômicas - Instituto de Economia Agrícola (Brazil)
_xISSN 0100-4409
_g(Jun 2010), v. 40(6) p. 31-41
_wBR2012005909
909 _a202311
_bLúcia
_c55
_dLúcia Elande
942 _2AGRIS
_n0
_cANA
999 _c221221
_d221221